| 000 | 00621nam a22001817a 4500 | ||
|---|---|---|---|
| 005 | 20240201143502.0 | ||
| 008 | 240201b |||||||| |||| 00| 0 eng d | ||
| 020 | _a9781991213013 | ||
| 041 | _aEnglish | ||
| 082 | _a342.8 NDE | ||
| 100 |
_aNdeunyema, N _lEnglish |
||
| 245 |
_aRe-invigorating Ubuntu through Water : _bA Human Right to Water under the Namibian Constitution / _cN Ndeunyema |
||
| 250 | _aFirst Edition | ||
| 260 |
_aPretoria : _bPretoria University Law Press, _c2021 |
||
| 300 |
_bxxi, 270 pages ; _c25,5 cm. |
||
| 650 |
_aLegal practice _bLaw |
||
| 942 |
_cBK _6ALISON_BN_VRIES |
||
| 999 |
_c1325 _d1325 |
||